History Quiz

Random History or City Quiz
Score 0/13 Timer 02:00
1 Play Today
Award Year City % Correct
1945Leningrad (Saint Petersburg)
95.8%
1965Moscow
91.4%
1945Stalingrad (Volgograd)
88.6%
1965Kiev
66.1%
1974Minsk
51.7%
1945Odessa
37.5%
1945Sevastopol
25.5%
1985Murmansk
20%
1985Smolensk
16.7%
1965*Brest
14.8%
1976Tula
8.5%
1973Kerch
7.5%
1973Novorossiysk
5.4%
Remove Ads.
Support Sporcle.
Get the best of Sporcle when you Go Orange. This ad-free experience offers more features, more stats, and more fun while also helping to support Sporcle. Thank you for becoming a member.

You're not logged in!

Compare scores with friends on all Sporcle quizzes.
OR
Log In

Show Comments

Extras

Top Quizzes Today


Score Distribution

Your Account Isn't Verified!

In order to create a playlist on Sporcle, you need to verify the email address you used during registration. Go to your Sporcle Settings to finish the process.

Report this User

Report this user for behavior that violates our Community Guidelines.

Details: